000 00617nam a2200193 a 4500
001 000030027
003 OSt
005 20201119094955.0
008 110428s2007 dr ac 000 0 spa d
040 _aDO-SdBNP
_bspa
_cBNPHU
049 _aBNPD
245 1 0 _a45 aniversario :
_bInvi mi casa es mi progreso /
_cpresentación Alma Fernández.
246 1 0 _aCuarenta y cinco aniversario :
_aInvi mi casa es mi progreso.
260 _aSanto Domingo :
_bINVI,
_c2007.
300 _a[42] p. de láms ;
_c22 cm.
590 _aInventariado, 2020 /LP
710 2 _aInstituto Nacional de la Vivienda
_936496
942 _2ddc
_cLBS1
999 _c29519
_d29519